Money for methadone II: United consequences of limited-duration methadone maintenance

Gespeichert in:  
Bibliographische Detailangaben
VerfasserInnen: Murphy, Sheigla 1949- (Verfasst von) ; Rosenbaum, Marsha 1948- (Verfasst von)
Medienart: Druck Aufsatz
Sprache:Englisch
Veröffentlicht: 1989
In: Journal of psychoactive drugs
Jahr: 1989, Band: 20, Heft: 3, Seiten: 397-402
Verfügbarkeit prüfen: HBZ Gateway
Schlagwörter:

MARC

LEADER 00000caa a22000002c 4500
001 1633594025
003 DE-627
005 20230427121740.0
007 tu
008 131031s1989 xx ||||| 00| ||eng c
035 |a (DE-627)1633594025 
035 |a (DE-576)395163323 
035 |a (DE-599)BSZ395163323 
040 |a DE-627  |b ger  |c DE-627  |e rakwb 
041 |a eng 
100 1 |a Murphy, Sheigla  |d 1949-  |0 (DE-588)17226863X  |0 (DE-627)697178862  |0 (DE-576)133136515  |4 aut 
109 |a Murphy, Sheigla 1949- 
245 1 0 |a Money for methadone II  |b United consequences of limited-duration methadone maintenance  |c Sheigla Murphy; Marsha Rosenbaum 
264 1 |c 1989 
336 |a Text  |b txt  |2 rdacontent 
337 |a ohne Hilfsmittel zu benutzen  |b n  |2 rdamedia 
338 |a Band  |b nc  |2 rdacarrier 
700 1 |a Rosenbaum, Marsha  |d 1948-  |0 (DE-588)172775868  |0 (DE-627)697706745  |0 (DE-576)133632512  |4 aut 
773 0 8 |i In  |t Journal of psychoactive drugs  |d Philadelphia, Pa. : Routledge, Taylor & Francis Group, 1981  |g 20(1989), 3, Seite 397-402  |w (DE-627)129942456  |w (DE-600)392405-1  |w (DE-576)01550736X  |x 0279-1072  |7 nnas 
773 1 8 |g volume:20  |g year:1989  |g number:3  |g pages:397-402 
951 |a AR 
ELC |b 1 
LOK |0 000 xxxxxcx a22 zn 4500 
LOK |0 001 3287406175 
LOK |0 003 DE-627 
LOK |0 004 1633594025 
LOK |0 005 20260227092037 
LOK |0 008 131031||||||||||||||||ger||||||| 
LOK |0 040   |a DE-21-110  |c DE-627  |d DE-21-110 
LOK |0 689   |a s  |a Methadon 
LOK |0 852   |z Kein Bestand am IfK; Nachweis für KrimDok 
LOK |0 852   |a DE-21-110 
LOK |0 852 1  |m v  |9 00 
LOK |0 935   |a k110 
LOK |0 938   |k v 
LOK |0 939   |a 31-10-13  |b l01 
ORI |a WA-MARC-krimdoka001.raw